Statistics for WWE Divas Current

Click here to take the quiz!

General Stats

  • This quiz has been taken 839 times
  • The average score is 11 of 15

Answer Stats

Hint Answer % Correct
Mrs.Daniel BryanBrie Bella
99%
Brie's SisterNikki Bella
98%
Mrs.Jimmy UsoNaomi
92%
#EMMAtainingEmma
88%
Miss FoxyAlicia Fox
86%
FunkadactylCameron
78%
Fandango's Dance PartnerSummer Rae
77%
Queen of HeartsNatalya
76%
Love BitesAJ Lee
76%
All Red EverythingEva Marie
75%
Excuse MeVickie
65%
Lithuanian DivaAksana
53%
AJ's BodyguardTamina Snuka
53%
British DivaLayla
45%
Costa Rican DivaRosa Mendes
44%

Score Distribution

Percentile by Number Answered

Percent of People with Each Score

Your Score History

You have not taken this quiz